00744nam a2200193 a 450000100100000000500170001000800410002702000150006804000250008308200150010810000400012324501300016326000310029330000280032450000270035270000410037995201130042099900170053300004400820201002045105.0140513s1991 sp abc 000 0 spa d a847969016X aDO-SdBNPbspacBNPHU axxxxbxxxx1 aMartínez Montávez, Pedro97197410aEuropa Islámica :bla magia de una civilización milenaria /cPedro Martínez Montávez, Carmen Ruíz Bravo-Villasante. aBarcelona :bAnaya,c1991. a240 p. :bil. ;c32 cm. a"Grandes obras" El Sol12aRuiz Bravo-Villasante, Carmen971975 001050718MOaGRbGRcCTd2014-05-13iLF1l0oxxxx xxxxp44008-10r2020-06-25w2020-06-25y1ZNo se presta c43497d43497